Laufey - I'll forget about you (in time) lyrics - Statistics

General Stats
  • This quiz has been taken 12 times
  • The average score is 109 of 116
Answer Stats
Answer % Correct
about
100%
again
100%
and
100%
another
100%
awfully
100%
believe
100%
break
100%
'Cause
100%
cried
100%
die
100%
do
100%
don't
100%
fall
100%
feel
100%
find
100%
forget
100%
had
100%
her
100%
home
100%
I
100%
I?
100%
I'll
100%
in
100%
it,
100%
it
100%
knew
100%
know
100%
life
100%
love
100%
me
100%
me,
100%
mother
100%
my
100%
Now
100%
off
100%
ruined
100%
said,
100%
saw
100%
She
100%
so
100%
this
100%
time
100%
to
100%
treated
100%
Went
100%
what
100%
when
100%
will
100%
wish
100%
words
100%
You
100%
you
100%
"You
100%
broken
80%
curse
80%
fallen
80%
I've
80%
the
80%
think
80%
under
80%
won't
80%
You've
80%
age-old
60%
Erase
60%
everything
60%
from
60%
I could
60%
Delete
40%
him
40%
him,
40%
periphery
40%
see
40%
No matching quizzes found
Score Distribution
Percent of People with Each Score
Percentile by Number Answered
Your Score History
You have not taken this quiz